Nonprofit governance (E-BOOK) (Record no. 193227)
[ view plain ]
| 000 -LEADER | |
|---|---|
| fixed length control field | 01242 a2200253 4500 |
| 003 - CONTROL NUMBER IDENTIFIER | |
| control field | Nust |
| 005 - DATE AND TIME OF LATEST TRANSACTION | |
| control field | 20170207154053.0 |
| 010 ## - LIBRARY OF CONGRESS CONTROL NUMBER | |
| LC control number | 2008053453 |
| 020 ## - INTERNATIONAL STANDARD BOOK NUMBER | |
| International Standard Book Number | 0470358041 (hbk. : alk. paper) |
| 020 ## - INTERNATIONAL STANDARD BOOK NUMBER | |
| International Standard Book Number | 9780470358047 (hbk. : alk. paper) |
| 035 ## - SYSTEM CONTROL NUMBER | |
| System control number | (OCoLC)ocn232976037 |
| 040 ## - CATALOGING SOURCE | |
| Transcribing agency | Nust |
| 082 00 - DEWEY DECIMAL CLASSIFICATION NUMBER | |
| Classification number | 346.73064 |
| 100 1# - MAIN ENTRY--PERSONAL NAME | |
| Personal name | Hopkins, Bruce R. |
| 245 10 - TITLE STATEMENT | |
| Title | Nonprofit governance (E-BOOK) |
| Remainder of title | law, practices, and trends / |
| Statement of responsibility, etc. | Bruce R. Hopkins and Virginia C. Gross. |
| 260 ## - PUBLICATION, DISTRIBUTION, ETC. | |
| Place of publication, distribution, etc. | Hoboken, N.J. : |
| Name of publisher, distributor, etc. | John Wiley & Sons, |
| Date of publication, distribution, etc. | c2009. |
| 300 ## - PHYSICAL DESCRIPTION | |
| Extent | xxiii, 259 p. ; |
| Dimensions | 26 cm. |
| 500 ## - GENERAL NOTE | |
| General note | Published simultaneously in Canada. |
| 505 0# - FORMATTED CONTENTS NOTE | |
| Formatted contents note | Federal and state law fundamentals -- Board members : responsibilities and liability -- Nonprofit organizations' governance principles -- Governance and the redesigned form 990 -- Nonprofit governance issues -- Policies and procedures for good governance -- Nonprofits in the spotlight : governance case studies -- Law for nonprofit board members : a primer -- Governance legal audit. |
| 650 #0 - SUBJECT ADDED ENTRY--TOPICAL TERM | |
| Topical term or geographic name entry element | Corporate governance |
| General subdivision | Law and legislation |
| Geographic subdivision | United States. |
| 650 #0 - SUBJECT ADDED ENTRY--TOPICAL TERM | |
| Topical term or geographic name entry element | Nonprofit organizations |
| General subdivision | Law and legislation |
| Geographic subdivision | United States. |
| 651 ## - SUBJECT ADDED ENTRY--GEOGRAPHIC NAME | |
| Geographic name | Nonprofit governance (E-BOOK) |
| 700 1# - ADDED ENTRY--PERSONAL NAME | |
| Personal name | Gross, Virginia C. |
| 942 ## - ADDED ENTRY ELEMENTS (KOHA) | |
| Source of classification or shelving scheme | |
| Koha item type | Book |
| Withdrawn status | Lost status | Source of classification or shelving scheme | Damaged status | Not for loan | Collection code | Permanent Location | Current Location | Date acquired | Total Checkouts | Full call number | Barcode | Date last seen | Price effective from | Koha item type |
|---|---|---|---|---|---|---|---|---|---|---|---|---|---|---|
| Military College of Signals (MCS) | Military College of Signals (MCS) | 12/12/2016 | 346.73064 HOP | MCSEB-2501 | 12/08/2016 | 12/12/2016 | Book |
